000 00588nam a2200181Ia 4500
008 240729s9999 xx 000 0 und d
022 _a2288-7318
245 0 _aInternational Journal of Advanced Culture Technology
260 _aKorea, Republic of
260 _bInternational Promotion Agency of Culture Technolgy
650 _a Industrial engineering. Management engineering
650 _a Information technology
650 _a Technology (General)
650 _aTechnology
856 _uhttps://doaj.org/toc/5ef9bb570b63461e8b7b6e3897bf442c
942 _2ddc
942 _cDOAJEJ
999 _c69583
_d69583
945 _a1
_bMadushi Gamage
_c1
_dMadushi Gamage